Navin Sobh (Tehqiqi Tay Tanqeedi Mazameen) / (Record no. 524620)

000 -LEADER
fixed length control field 00567nam a22001817a 4500
003 - CONTROL NUMBER IDENTIFIER
control field NUST
020 ## - INTERNATIONAL STANDARD BOOK NUMBER
International Standard Book Number -
038 ## - RECORD CONTENT LICENSOR
Staff Name Zafar Malik
082 ## - DEWEY DECIMAL CLASSIFICATION NUMBER
Classification number 891.421
Author Mark NAS
100 ## - MAIN ENTRY--PERSONAL NAME
Personal name Nasir, Nasar Ullah Dr.
9 (RLIN) 15423
245 ## - TITLE STATEMENT
Title Navin Sobh (Tehqiqi Tay Tanqeedi Mazameen) /
Statement of responsibility, etc. Dr. Nasar Ullah Nasir
260 ## - PUBLICATION, DISTRIBUTION, ETC.
Place of publication, distribution, etc. Multan :
Name of publisher, distributor, etc. Zoraiz Publications ;
Date of publication, distribution, etc. 2009.
300 ## - PHYSICAL DESCRIPTION
Extent 144 p. ;
500 ## - GENERAL NOTE
General note Hardcover
880 ## - ALTERNATE GRAPHIC REPRESENTATION
Linkage 100-02\r
Title ڈاکٹر نصراللہ خان ناصر
880 ## - ALTERNATE GRAPHIC REPRESENTATION
Linkage 245-02\r
Title (نویں سوبھ (تحقیقی تے تنقیدی مضامین
942 ## - ADDED ENTRY ELEMENTS (KOHA)
Source of classification or shelving scheme
Koha item type Book
Holdings
Withdrawn status Lost status Source of classification or shelving scheme Damaged status Not for loan Permanent Location Current Location Shelving location Date acquired Total Checkouts Full call number Barcode Date last seen Price effective from Koha item type
          Central Library (CL) Central Library (CL) Punjabi Literature 06/24/2019   891.421 NAS CL-E-1731 06/24/2019 06/24/2019 Book
© 2023 Central Library, National University of Sciences and Technology. All Rights Reserved.